000 00457nam a2200181Ia 4500
001 2327
005 20260306144758.0
008 260306t2012||||xx |||||||||||||| ||spa||
041 _aESP
082 _a616.86
_bI83
100 _aIsorna Folgar, Manuel
_eAUT
245 0 _aPrevención de drogodependencias y otras conductas adictivas
260 _c2012
300 _a522 pƔginas :
_c24 cm.
650 _aGEN
654 _aCPS
942 _cLIB
_dJUS
_fJUS
_2ddc
_n
999 _c2327
_d2327